Development opportunities around airports (Record no. 74067)

MARC details
000 -LEADER
fixed length control field 01541cab a2200253 4500
001 - CONTROL NUMBER
control field ABS67423
008 - FIXED-LENGTH DATA ELEMENTS--GENERAL INFORMATION
fixed length control field 040123n2004 000 0 eng u
035 ## - SYSTEM CONTROL NUMBER
System control number (Sirsi) u124899
100 ## - MAIN ENTRY--PERSONAL NAME
Personal name Tidd, P.
245 ## - TITLE STATEMENT
Title Development opportunities around airports
260 ## - PUBLICATION, DISTRIBUTION, ETC.
Date of publication, distribution, etc. 2004
490 ## - SERIES STATEMENT
Series statement Planning in London
Volume/sequential designation (48) January 2004, 27-29(3)
520 ## - SUMMARY, ETC.
Summary, etc. Changes in working practices and demand for flexible work spaces and working facilities offers development opportunities for airports and surrounding areas. Discusses the results of a two year research programme funded by the European Commission's Information Society Technologies Program undertaken by DEGW. The project Sane Accommodation in the New Economy (SANE) explored the effect that new technologies are having on working lives and working environments. SANE identifies a layer of different types of workplaces ranging from private (serviced offices, home working), privileged (clubs/airport lounges) and public (hotel lobbies/cafes). Airports with access to IT facilities such as the internet play an important role in the distributed workplace model for workers on the move. Figure I illustrates the SANE model. Forecasts airport capacity growth for leading airports including Heathrow and Gatwick.
590 ## - LOCAL NOTE (RLIN)
Local note ABS
650 ## - SUBJECT ADDED ENTRY--TOPICAL TERM
Topical term or geographic name entry element AIRPORTS
650 ## - SUBJECT ADDED ENTRY--TOPICAL TERM
Topical term or geographic name entry element AIRPORT EXPANSION
650 ## - SUBJECT ADDED ENTRY--TOPICAL TERM
Topical term or geographic name entry element WORKING PRACTICES
650 ## - SUBJECT ADDED ENTRY--TOPICAL TERM
Topical term or geographic name entry element MOBILE WORKING
650 ## - SUBJECT ADDED ENTRY--TOPICAL TERM
Topical term or geographic name entry element GLOBALISATION
650 ## - SUBJECT ADDED ENTRY--TOPICAL TERM
Topical term or geographic name entry element HEATHROW
650 ## - SUBJECT ADDED ENTRY--TOPICAL TERM
Topical term or geographic name entry element GATWICK
690 ## - LOCAL SUBJECT ADDED ENTRY--TOPICAL TERM (OCLC, RLIN)
Topical term or geographic name as entry element PROPERTY-PROPERTY DEVELOPMENT
942 ## - ADDED ENTRY ELEMENTS (KOHA)
Suppress in OPAC 0
Holdings
Withdrawn status Lost status Source of classification or shelving scheme Damaged status Not for loan Home library Current library Shelving location Date acquired Total Checkouts Full call number Barcode Date last seen Copy number Price effective from Koha item type
    Dewey Decimal Classification     London London Journal article 23/01/2004   ABS67423 124899-1001 06/08/2019 1 06/08/2019 Journal article